Geoinformation: remote sensing, photogrammetry and geographic information systems

সংরক্ষণ করুন:
গ্রন্থ-পঞ্জীর বিবরন
প্রধান লেখক: Konecny, Gottfried (Author)
বিন্যাস: গ্রন্থ
ভাষা:ইংরেজি
প্রকাশিত: Londres Taylor and Francis 2003
সংস্করন:1a. ed
বিষয়গুলি:
ট্যাগগুলো: ট্যাগ যুক্ত করুন
কোনো ট্যাগ নেই, প্রথমজন হিসাবে ট্যাগ করুন!

MARC

LEADER 00000cam a2200000 a 4500
001 UCF5671
003 CL-VaPUC
008 130322e20030000UK |||||||||||||||||eng|d
020 |a 0415237955 
082 0 4 |a 910.285  |b KON  |2 21 
100 0 |a Konecny, Gottfried  |e author  |9 567647 
245 1 0 |a Geoinformation: remote sensing, photogrammetry and geographic information systems 
250 |a 1a. ed 
300 |a 248 p 
942 |c BK 
945 |d 20130322 00:00:00  |a cmena 
260 |a Londres  |b Taylor and Francis  |c 2003 
650 0 |a Sistemas de información geográfica   |9 466572 
650 7 |a SENSORES REMOTOS  |2 CL-VaPUC  |9 463693 
650 0 |a Fotogrametría   |9 260424 
650 7 |a DATOS GEOGRAFICOS  |2 CL-VaPUC  |9 351400 
650 0 |a Simulación por computador  |9 260988 
583 |a last modification  |c 20130322 12:27:00  |k Rodrigo Vera 
999 |c 351129  |d 351127 
952 |0 0  |1 0  |4 0  |6 910_285000000000000_KON_2003  |7 0  |8 A  |9 455080  |a BIBING  |b BIBING  |d 2019-11-22  |i 4953940  |o 910.285 KON 2003  |p 4953940  |r 2025-01-20  |w 2019-11-22  |y BK  |k GEO